Gramsci e la cultura contemporanea I : atti del Convegno internazionale di studi gramsciani tenuto a Cagliari il 23-27 aprile 1967 /

محفوظ في:
التفاصيل البيبلوغرافية
المؤلف الرئيسي: Rossi, Pietro (edición)
مؤلفون آخرون: Garin, Eugenio (autor) (autor)
التنسيق: كتاب
اللغة:الإيطالية
منشور في: Roma, Italia : Editori Riuniti : Istituto Gramsci, 1975, c1969
الوسوم: إضافة وسم
لا توجد وسوم, كن أول من يضع وسما على هذه التسجيلة!

MARC

LEADER 00000nam^a2200000^a^4500
001 000628484
005 20260226000000.0
009 20260310134113.72
020 |a 63-0044-8 
037 |a Acervo Xavier Clavigero 
041 |a ITA 
091 |a FHG. 01428 
100 |a Rossi, Pietro  |e (edición) 
245 1 0 |a Gramsci e la cultura contemporanea I :  |b atti del Convegno internazionale di studi gramsciani tenuto a Cagliari il 23-27 aprile 1967 / 
264 4 |a Roma, Italia :  |b Editori Riuniti :  |b Istituto Gramsci,  |c 1975, c1969 
300 |a 558 p. 
336 |a texto  |b txt  |2 rdacontenido 
337 |a sin mediación  |b n  |2 rdamedio 
338 |a volumen  |b nc  |2 rdasoporte 
649 |a XX 
700 |a Garin, Eugenio  |e (autor) 
910 |a Fondo Humberto García Bedoy S.J. 
920 |a Impresos - Libros 
930 |a Fondos Especiales 
905 |a 148 
901 |a 628720-10  |b IT2  |c ESP  |i D  |u 20260226 
902 |a https://opac.biblio.iteso.mx/vufind/Record/000628484